01457nam a2200337 a 450000100060000000300170000600500170002300800410004003500140008104000350009504100080013008200250013810000460016324500680020925000120027726000630028930000530035250000990040550400190050450400190052365000280054265100380057065100330060874000540064174000530069574000640074894200120081299900170082495201350084195201430097625675(BD-RJUL) 2574520211209050918.0170222s1954 enkbc 001 0 eng d a(BD-RjUL) aBD-RJULcBD-RJULdBD-RJULbeng aeng a940.28bLIE 19542231 aLipson, E.q(Ephraim),d1888-1960.97528210aEurope in the XIXth & XXth centuries, 1815-1939 /cby E. Lipson a6th ed. aLondon :bAdam and Charles Black,cC1960 [reprinting 1953] ax,500 p., [12] leaves of plates :bill. ;c23 cm aComprising the 9th ed. of "Europe in the XIXth century" and the 7th ed. of "Europe 1914-1939." aIncludes index aIncludes index aEuropexHistory9192099 0aEuropexHistoryy1789-1900969784 0aEuropexHistoryy19149788830 aEurope in the XIXth and XXth centuries, 1815-19390 aEurope in the 19th and 20th centuries, 1815-19390 aEurope in the Nineteenth and Twentieth centuries, 1815-1939 2ddccBK c25675d25675 00102ddc40708NFICaRUCLbRUCLcStackd1973-02-05eBritaing0.00l0o940.28 LIE 1972r2014-03-19 00:00:00tC-10w2014-03-19yBK 00102ddc40718NFICaRUCLbRUCLcReadingd1955-09-20eB.H. Blackwellg1.10l0o940.28 LIE 1954r2017-02-22 00:00:00tC-1w2021-12-09yBK